| 000 | 00570nam a2200193Ia 4500 | ||
|---|---|---|---|
| 003 | GCL | ||
| 008 | 140319s9999 xx 000 0 ara d | ||
| 040 |
_aGCL / _cGCL |
||
| 082 | 0 | 4 |
_a813.03 _bع ح |
| 100 | 1 |
_aعبدالفتاح مراد _vReviewer _@ _٠راجع |
|
| 245 | 1 | 0 |
_aعلى حافة النهار / _cعبدالفتاح مراد |
| 700 | 1 | _aعبدالفتاح مرسى | |
| 300 | _a132 ص | ||
| 490 |
_aكتاب _v0 |
||
| 650 | 0 | 4 | _aالادب العربى |
| 650 | 0 | 4 | _aالادب |
| 650 | 0 | 4 | _aالقصص الاجتماعية |
| 942 |
_2ddc _cBK |
||
| 999 |
_c41156 _d41156 |
||